000 00268nam a2200097Ia 4500
001 761440
005 20250826165207.0
008 250824s9999 xx 000 0 und d
245 0 _aPANİK YOK OKULDAYIZ
_cYASEMİN DERYA AKA-C.J.GRANT
260 _bÇOCUK GEZEGENİ YAYINLARI
999 _c761440
_d761440